000 00238nam a2200097Ia 4500
008 230508s2000 xx 000 0 und d
041 _aeng
100 _aSIDNEY H.AVNER
245 _aINTRODUCTION TO PHYSIAL META.
260 _bTATA MCG
_c2000
999 _c342772
_d342772